Incidencia de un incremento en el ahorro destinado a la financiación de vivienda en Colombia / (Registro nro. 8195)

Detalles MARC
000 -LEADER
fixed length control field 01476nam a2200241Ia 4500
003 - CONTROL NUMBER IDENTIFIER
control field OSt
005 - DATE AND TIME OF LATEST TRANSACTION
control field 20210727142810.0
008 - FIXED-LENGTH DATA ELEMENTS--GENERAL INFORMATION
fixed length control field 210310s1975 eu gr 000 0 spa d
040 ## - CATALOGING SOURCE
Original cataloging agency CO-JMCR
Transcribing agency CO-JMCR
041 0# - LANGUAGE CODE
Language code of text/sound track or separate title spa
082 04 - DEWEY DECIMAL CLASSIFICATION NUMBER
Classification number 332.722 /
Item number O686i
Edition number 23
110 2# - MAIN ENTRY--CORPORATE NAME
Corporate name or jurisdiction name as entry element Organización de los Estados Americanos - OEA
9 (RLIN) 38787
245 10 - TITLE STATEMENT
Title Incidencia de un incremento en el ahorro destinado a la financiación de vivienda en Colombia /
Statement of responsibility, etc. Organización de los Estados Americanos
260 ## - PUBLICATION, DISTRIBUTION, ETC.
Place of publication, distribution, etc. Washington :
Name of publisher, distributor, etc. Organización de los Estados Americanos,
Date of publication, distribution, etc. 1975
300 ## - PHYSICAL DESCRIPTION
Extent ii, 151 páginas ;
Dimensions 28 cm.
500 ## - GENERAL NOTE
General note Incluye notas a pie de página.
505 0# - FORMATTED CONTENTS NOTE
Formatted contents note El sistema de corrección monetaria y el mercado de capitales -- Evaluación del impacto sobre el empleo, las importaciones y el crecimiento de la economía de un incremento e las inversiones en vivienda -- Comparación del impacto socio-económico de disminuir la inversión en los sectores industrial y agropecuario para dedicarla a la construcción de vivienda -- Análisis del impacto de los distintos tipos de construcción de viviendas sobre la generación de empleo y costos -- Reformas recientes al sistema de valor constante y algunos de sus principales efectos
650 14 - SUBJECT ADDED ENTRY--TOPICAL TERM
Topical term or geographic name entry element Política económica
9 (RLIN) 16595
Geographic subdivision Colombia
650 14 - SUBJECT ADDED ENTRY--TOPICAL TERM
Topical term or geographic name entry element Mercado de capitales
General subdivision impacto
Geographic subdivision Colombia
9 (RLIN) 38788
650 14 - SUBJECT ADDED ENTRY--TOPICAL TERM
Topical term or geographic name entry element Ahorro y préstamo hipotecario
Geographic subdivision Colombia
9 (RLIN) 38789
650 24 - SUBJECT ADDED ENTRY--TOPICAL TERM
Topical term or geographic name entry element Estrategias de desarrollo
9 (RLIN) 38790
942 ## - ADDED ENTRY ELEMENTS (KOHA)
Source of classification or shelving scheme Dewey Decimal Classification
Koha item type Books
Existencias
Withdrawn status Lost status Source of classification or shelving scheme Damaged status Not for loan Collection code Home library Current library Date acquired Source of acquisition Full call number Barcode Date last seen Copy number Koha item type Public note
    Dewey Decimal Classification     Non-fiction Biblioteca Pública José María del Castillo y Rada Biblioteca Pública José María del Castillo y Rada 04/15/2018 Donación 332.722 / O686i 430003346 05/16/2024 Ej.1 Books Deterioro del material, rasgaduras.